000 00505nam a2200181Ia 4500
001 9370
005 20260306161713.0
008 260306t2012||||xx |||||||||||||| ||spa||
041 _aESP
082 _a378.17
_bA141
100 _aAibar Ozejo, Mario Eduardo
_eAUT
245 0 _aCómo mejorar el estudio e incrementar el aprendizaje:
_bmétodos y técnicas del trabajo universitario
260 _c2012
300 _a314 páginas :
_c29 cm.
650 _aGEN
654 _aCED
942 _cLIB
_dJUS
_fJUS
_2ddc
_n
999 _c9370
_d9370